TellTales The Walking Dead Quiz - Statistics

General Stats
  • This quiz has been taken 346 times
  • The average score is 18 of 34
Answer Stats
Hint Answer % Correct
Wears a hat that belongs to her dad Clementine
97%
Gets his eye bashed in Kenny
90%
Dodging or Quacking? Duck
88%
Dies in the jewelry store Lee
87%
Has a heart problem Larry
74%
Tech-Guy Doug
73%
Drowns in the lake Luke
70%
Gives Clem a "Super Cool" Jacket Bonnie
67%
Crack Shot Reporter Carley
65%
Has a climbing ax named Hilda Molly
65%
Gets his face bashed in Carver
64%
Dies in the sewer Chuck
64%
Is named after a chipmunk Alvin
62%
Her sisters name was Jamie Jane
62%
Removes the Hatchet from the door Ben
60%
Gets shot with an arrow Mark
60%
Taught Clementine how to stitch a wound Christa
59%
Is a vet Katjaa
55%
Broke his leg Omid
55%
Is pregnant Rebecca
53%
"Vanilla Ice" Nick
50%
Was killed while escaping Howe's Carlos
47%
Cannibals St.Johns
44%
Was shot on the bridge Matthew
43%
Name of the dog Sam
38%
Was on a prison bus Vince
37%
Name of the hardware store Howe's
34%
Gets his dick shot off Troy
34%
Had a crossbow pointed at your nuts Jolene
33%
Finds an old friend on the side of the road Russel
24%
Name of the hotel were the stranger is The Marsh House
23%
Season 1 Episode 3 Long Road Ahead
15%
Season 2 Episode 2 A House Divided
13%
Name of the Pit stop Gil's
13%
No matching quizzes found
Score Distribution
Percent of People with Each Score
Percentile by Number Answered
Your Score History
You have not taken this quiz